[Event "BCF-chT4 2223 (4NCL)"]
[Site "England"]
[Date "2023.04.30"]
[Round "10.154"]
[White "Sharma, Reyansh"]
[Black "Tomy, Judith"]
[Result "0-1"]
[WhiteElo "1000"]
[BlackElo "1251"]
[PlyCount "138"]
[EventDate "2022.11.05"]
[EventType "team-swiss"]
[EventRounds "11"]
[EventCountry "ENG"]
[SourceTitle "EXT 2024"]
[Source "ChessBase"]
[SourceDate "2023.10.10"]
[SourceVersion "1"]
[SourceVersionDate "2023.10.10"]
[SourceQuality "1"]
[WhiteTeam "Cambridge University II"]
[BlackTeam "Watford II"]
[WhiteTeamCountry "ENG"]
[BlackTeamCountry "ENG"]

1. e4 e5 2. Nc3 Nc6 3. Nf3 Be7 4. Bc4 h6 5. b3 Nf6 6. Bb2 0-0 7. 0-0 d6 8. h3 Na5 9. d3 Nxc4 10. dxc4 Be6 11. Re1 c6 12. Ba3 Rc8 13. Qd3 Qa5 14. Bb2 Nh5 15. b4 Qxb4 16. Rab1 Qxc4 17. Qxc4 Bxc4 18. Ba3 b5 19. Rbd1 Rfd8 20. Nd2 Be6 21. Ne2 Bxa2 22. Nc3 Be6 23. Nb3 Rb8 24. Na5 Rb6 25. Bc1 b4 26. Nb1 Ra6 27. Nb7 Rb8 28. Nxd6 Ra1 29. g4 Nf4 30. Nf5 Nxh3+ 31. Kh2 Ng5 32. Nxe7+ Kf8 33. Nxc6 Rc8 34. Bxg5 hxg5 35. Nxb4 Bxg4 36. Rd5 Ra4 37. c3 a5 38. Nc2 Ra2 39. Ne3 Rxf2+ 40. Kg3 Re2 41. Rxe2 Bxe2 42. Rxe5 Bd3 43. Rxg5 Bxb1 44. Rxa5 Rxc3 45. Kf3 Rc6 46. Nd5 Re6 47. Ra8+ Re8 48. Rxe8+ Kxe8 49. Nc7+ Kd7 50. Nd5 Ke6 51. Nf4+ Ke5 52. Nh5 Bxe4+ 53. Kg4 g6 54. Ng3 Bf5+ 55. Nxf5 gxf5+ 56. Kf3 f4 57. Kf2 Ke4 58. Ke2 f3+ 59. Kf2 f5 60. Kf1 Ke3 61. Ke1 f2+ 62. Kf1 f4 63. Kg2 Ke2 64. Kh1 f1Q+ 65. Kh2 Qf2+ 66. Kh1 Qh4+ 67. Kg1 Qg5+ 68. Kh2 Kf2 69. Kh1 Qg2# 0-1